[Event "Titled Tuesday intern op 29th Aug Early"]
[Site "Chess.com INT"]
[Date "2023.08.29"]
[Round "6"]
[White "Sargsyan, Tigran R"]
[Black "Donchenko, Alexander"]
[Result "1-0"]
[WhiteElo "2262"]
[BlackElo "2684"]
[PlyCount "59"]
[EventDate "2023.08.29"]
[EventType "swiss (blitz)"]
[EventRounds "11"]
[EventCountry "USA"]
[SourceTitle "EXT 2024"]
[Source "ChessBase"]
[SourceDate "2023.10.10"]
[SourceVersion "1"]
[SourceVersionDate "2023.10.10"]
[SourceQuality "1"]

1. d4 Nf6 2. Nf3 g6 3. g3 Bg7 4. Bg2 b6 5. 0-0 Bb7 6. c4 0-0 7. Nc3 Ne4 8. Bd2 d6 9. Rc1 Nd7 10. d5 Nxd2 11. Qxd2 e5 12. dxe6 fxe6 13. Nd4 Bxg2 14. Kxg2 Qf6 15. Ndb5 Ne5 16. b3 Rf7 17. f4 Nc6 18. Ne4 Qf5 19. Ng5 Re7 20. e4 Qc5 21. Nxc7 Rc8 22. Ncxe6 Qa3 23. Nxg7 Kxg7 24. f5 Rf8 25. Ne6+ Rxe6 26. fxe6 Re8 27. Rf7+ Kg8 28. Qh6 Qb2+ 29. Kh3 Qh8 30. Rcf1 1-0

[Event "Titled Tuesday intern op 29th Aug Early"]
[Site "Chess.com INT"]
[Date "2023.08.29"]
[Round "4"]
[White "Shapiro, Daniel E"]
[Black "Sargsyan, Tigran R"]
[Result "0-1"]
[WhiteElo "2284"]
[BlackElo "2262"]
[PlyCount "80"]
[EventDate "2023.08.29"]
[EventType "swiss (blitz)"]
[EventRounds "11"]
[EventCountry "USA"]
[SourceTitle "EXT 2024"]
[Source "ChessBase"]
[SourceDate "2023.10.10"]
[SourceVersion "1"]
[SourceVersionDate "2023.10.10"]
[SourceQuality "1"]

1. d4 d5 2. c4 dxc4 3. e4 e5 4. Nf3 exd4 5. Qxd4 Qxd4 6. Nxd4 Bc5 7. Nc2 Be6 8. Nba3 Nf6 9. f3 Nc6 10. Bxc4 Bxc4 11. Nxc4 0-0-0 12. Be3 Bxe3 13. N4xe3 Ne5 14. Ke2 Nd3 15. b3 Nf4+ 16. Ke1 Rhe8 17. g3 Nd3+ 18. Ke2 g6 19. Rad1 Ne5 20. Rxd8+ Rxd8 21. Rd1 Rxd1 22. Nxd1 c5 23. h3 Nc6 24. Ke3 Kd7 25. Nc3 Ke6 26. f4 h5 27. Kf3 b6 28. g4 hxg4+ 29. hxg4 g5 30. Ne2 gxf4 31. Nxf4+ Kd6 32. Nd3 Ne5+ 33. Nxe5 Kxe5 34. g5 Nxe4 35. Kg4 Nc3 36. a3 Nd5 37. Ne1 Ke4 38. Ng2 b5 39. Nh4 c4 40. bxc4 bxc4 0-1

[Event "Titled Tuesday intern op 08th Aug Early"]
[Site "Chess.com INT"]
[Date "2023.08.08"]
[Round "6"]
[White "Sargsyan, Tigran R"]
[Black "Tregubov, Pavel V"]
[Result "1/2-1/2"]
[WhiteElo "2262"]
[BlackElo "2567"]
[PlyCount "108"]
[EventDate "2023.08.08"]
[EventType "swiss (blitz)"]
[EventRounds "11"]
[EventCountry "USA"]
[SourceTitle "EXT 2024"]
[Source "ChessBase"]
[SourceDate "2023.10.10"]
[SourceVersion "1"]
[SourceVersionDate "2023.10.10"]
[SourceQuality "1"]

1. d4 Nf6 2. Nf3 e6 3. c4 Bb4+ 4. Bd2 Qe7 5. g3 Bxd2+ 6. Nbxd2 d6 7. Bg2 e5 8. 0-0 0-0 9. e4 Bg4 10. h3 Bxf3 11. Nxf3 Nbd7 12. Re1 exd4 13. Nxd4 g6 14. b3 a5 15. Qd2 Nc5 16. Kh2 Rfe8 17. f3 c6 18. Rad1 Qe5 19. Ne2 Red8 20. Nc3 Qe6 21. Qd4 Qe5 22. Qd2 Qe7 23. f4 Rd7 24. Qf2 Re8 25. e5 Nh5 26. exd6 Qd8 27. Qxc5 Rxe1 28. Rxe1 Rxd6 29. Re8+ Qxe8 30. Qxd6 Qe3 31. Qb8+ Kg7 32. Qe5+ Qxe5 33. fxe5 f6 34. exf6+ Kxf6 35. Ne4+ Ke5 36. Nc5 b5 37. Bxc6 Kd6 38. Bf3 Kxc5 39. Bxh5 gxh5 40. cxb5 Kxb5 41. a3 Kc5 42. Kg2 Kd4 43. b4 axb4 44. axb4 Kc4 45. Kf3 Kxb4 46. Kf4 Kc4 47. Kg5 Kd4 48. Kxh5 Ke4 49. g4 Kf3 50. g5 Kg3 51. Kh6 Kh4 52. Kxh7 Kxg5 53. Kg7 Kh4 54. Kg6 Kxh3 1/2-1/2

[Event "Titled Tuesday intern op 08th Aug Early"]
[Site "Chess.com INT"]
[Date "2023.08.08"]
[Round "2"]
[White "Vaglio Munoz, Jaime"]
[Black "Sargsyan, Tigran R"]
[Result "1-0"]
[WhiteElo "2174"]
[BlackElo "2262"]
[PlyCount "103"]
[EventDate "2023.08.08"]
[EventType "swiss (blitz)"]
[EventRounds "11"]
[EventCountry "USA"]
[SourceTitle "EXT 2024"]
[Source "ChessBase"]
[SourceDate "2023.10.10"]
[SourceVersion "1"]
[SourceVersionDate "2023.10.10"]
[SourceQuality "1"]

1. Nf3 Nf6 2. c4 g6 3. b3 Bg7 4. Bb2 c5 5. g3 0-0 6. Bg2 Nc6 7. 0-0 Re8 8. d4 Ne4 9. e3 d5 10. cxd5 Nb4 11. Nbd2 Nxd2 12. Qxd2 Qxd5 13. Rac1 Na6 14. Rfe1 Qd6 15. Ba3 Rb8 16. dxc5 Qxd2 17. Nxd2 Nc7 18. Nc4 Be6 19. Bb4 Na6 20. Ba3 Nc7 21. c6 bxc6 22. Bxc6 Rec8 23. Bxe7 Nd5 24. Bxd5 Bxd5 25. Nd6 Rxc1 26. Rxc1 Be6 27. e4 Bd4 28. Rd1 Bc5 29. Kg2 a5 30. f4 a4 31. Rc1 axb3 32. axb3 Be3 33. Rc3 Rxb3 34. Rxb3 Bxb3 35. Kf3 Bc5 36. Nc8 Bd1+ 37. Kg2 Be3 38. Bd6 Bd4 39. Ne7+ Kg7 40. Nc6 Bb6 41. Be5+ f6 42. Bc3 h5 43. e5 fxe5 44. Nxe5 Kh7 45. h3 Bb3 46. g4 Bd5+ 47. Kg3 hxg4 48. Nxg4 Bc7 49. Nf6+ Kh6 50. Nxd5 g5 51. Be5 gxf4+ 52. Bxf4+ 1-0

[Event "Titled Tuesday intern op 18th Jul Early"]
[Site "Chess.com INT"]
[Date "2023.07.18"]
[Round "2"]
[White "Mikhaylova, Irina"]
[Black "Sargsyan, Tigran R"]
[Result "1-0"]
[WhiteElo "2216"]
[BlackElo "2262"]
[PlyCount "69"]
[EventDate "2023.07.18"]
[EventType "swiss (blitz)"]
[EventRounds "11"]
[EventCountry "USA"]
[SourceTitle "EXT 2024"]
[Source "ChessBase"]
[SourceDate "2023.10.10"]
[SourceVersion "1"]
[SourceVersionDate "2023.10.10"]
[SourceQuality "1"]

1. d4 Nf6 2. Nf3 g6 3. c4 Bg7 4. Nc3 0-0 5. e4 d6 6. Be2 e5 7. dxe5 dxe5 8. Qxd8 Rxd8 9. Bg5 c6 10. Nxe5 Re8 11. 0-0-0 Na6 12. Rd6 Nxe4 13. Nxe4 Bxe5 14. Nf6+ Bxf6 15. Bxf6 Bf5 16. Bf3 Nb4 17. g4 Nxa2+ 18. Kd2 Re6 19. c5 Rxd6+ 20. cxd6 Be6 21. h4 Nb4 22. h5 Na6 23. b4 Nxb4 24. Rb1 a5 25. hxg6 fxg6 26. Kc3 h6 27. g5 hxg5 28. Be4 Rf8 29. Bxg5 Bf5 30. Kd4 Bd7 31. f4 Kf7 32. Kc5 Ke6 33. Bxg6 Rb8 34. f5+ Ke5 35. Re1# 1-0

[Event "ARM-ch 1st League 82nd"]
[Site "Yerevan"]
[Date "2021.08.24"]
[Round "13"]
[White "Shahinyan, David"]
[Black "Sargsyan, Tigran R"]
[Result "1-0"]
[WhiteElo "2456"]
[BlackElo "2281"]
[PlyCount "83"]
[EventDate "2021.08.11"]
[EventType "tourn"]
[EventRounds "13"]
[EventCountry "ARM"]
[EventCategory "3"]
[SourceTitle "CBM 204 Extra"]
[Source "ChessBase"]
[SourceDate "2021.11.30"]
[SourceVersion "1"]
[SourceVersionDate "2021.11.30"]
[SourceQuality "1"]

1. e4 c6 2. Nf3 d5 3. d3 Qc7 4. Nc3 dxe4 5. dxe4 e5 6. Bc4 b5 7. Bb3 h6 8. Ne2 Nd7 9. 0-0 Nc5 10. Ng3 Nf6 11. Qe2 a5 12. a3 Nxb3 13. cxb3 Be6 14. Qc2 g6 15. Nxe5 Bg7 16. Nd3 0-0 17. Bf4 Qe7 18. Nc5 Nd7 19. Nxe6 Qxe6 20. Rfd1 Ne5 21. Ne2 a4 22. bxa4 Rxa4 23. b3 Ra6 24. Nd4 Qe7 25. Rac1 Qxa3 26. Bxe5 Bxe5 27. Nxc6 Bb2 28. Rb1 Bg7 29. Rd5 Rfa8 30. g3 Qa2 31. Rc1 Qxc2 32. Rxc2 b4 33. Rc4 Bf8 34. Rd7 Ra1+ 35. Kg2 R8a2 36. Nxb4 Rb2 37. Rc8 Kg7 38. Nd3 Rd2 39. Rcc7 Kg8 40. Ne5 Rxd7 41. Rxd7 Ra2 42. Nxf7 1-0

[Event "ARM-ch 1st League 82nd"]
[Site "Yerevan"]
[Date "2021.08.23"]
[Round "12"]
[White "Sargsyan, Tigran R"]
[Black "Davtyan, Artur"]
[Result "0-1"]
[WhiteElo "2281"]
[BlackElo "2466"]
[PlyCount "80"]
[EventDate "2021.08.11"]
[EventType "tourn"]
[EventRounds "13"]
[EventCountry "ARM"]
[EventCategory "3"]
[SourceTitle "CBM 204 Extra"]
[Source "ChessBase"]
[SourceDate "2021.11.30"]
[SourceVersion "1"]
[SourceVersionDate "2021.11.30"]
[SourceQuality "1"]

1. c4 c5 2. Nc3 Nc6 3. Nf3 g6 4. d4 cxd4 5. Nxd4 Bg7 6. Nc2 Bxc3+ 7. bxc3 Nf6 8. f3 Qa5 9. Bd2 b6 10. e4 Ba6 11. Nd4 0-0 12. Nb5 Rfc8 13. Qb3 d6 14. a4 Nd7 15. Be2 Bb7 16. Qa2 Nc5 17. Kf2 Ne5 18. Ke3 Ne6 19. c5 Nxc5 20. c4 Qa6 21. Rhc1 Bc6 22. Nc3 Qb7 23. Qc2 Ne6 24. f4 Nd7 25. Qb2 Nf6 26. Nd5 Nc5 27. Bf3 Re8 28. Nxf6+ exf6 29. Qxf6 Bxe4 30. Kf2 Bxf3 31. gxf3 Nd3+ 32. Kg3 Nxc1 33. Rxc1 Re6 34. Qd4 Rae8 35. Bc3 f6 36. Rf1 Qc6 37. f5 Re5 38. fxg6 Rg5+ 39. Kh4 Rxg6 40. Rg1 Qxf3 0-1

[Event "ARM-ch 1st League 82nd"]
[Site "Yerevan"]
[Date "2021.08.20"]
[Round "9"]
[White "Sargsyan, Tigran R"]
[Black "Davtyan, Arsen"]
[Result "1-0"]
[WhiteElo "2281"]
[BlackElo "2278"]
[PlyCount "71"]
[EventDate "2021.08.11"]
[EventType "tourn"]
[EventRounds "13"]
[EventCountry "ARM"]
[EventCategory "3"]
[SourceTitle "CBM 204 Extra"]
[Source "ChessBase"]
[SourceDate "2021.11.30"]
[SourceVersion "1"]
[SourceVersionDate "2021.11.30"]
[SourceQuality "1"]

1. c4 c6 2. Nf3 d5 3. e3 Nf6 4. Qc2 e6 5. b3 Nbd7 6. Bb2 Bd6 7. Nc3 0-0 8. Rg1 e5 9. cxd5 cxd5 10. Nb5 Qb6 11. Rc1 Ne8 12. Nxd6 Qxd6 13. g4 e4 14. Nd4 Ne5 15. Be2 Bd7 16. Qc5 Rc8 17. Qxa7 Nf6 18. Rxc8 Rxc8 19. h3 Nd3+ 20. Bxd3 exd3 21. Rg2 Qc7 22. Qa3 h5 23. f3 hxg4 24. hxg4 Re8 25. Kf1 b6 26. Qb4 Qe5 27. Qc3 Bxg4 28. fxg4 Qe4 29. Qc6 Nh7 30. Qd7 g6 31. Qd6 Rc8 32. Qg3 Qe7 33. Rh2 Qf6+ 34. Rf2 Qe7 35. Rh2 Qf6+ 36. Qf2 1-0

[Event "ARM-ch 1st League 82nd"]
[Site "Yerevan"]
[Date "2021.08.12"]
[Round "2"]
[White "Mikaelyan, Arman"]
[Black "Sargsyan, Tigran R"]
[Result "1-0"]
[WhiteElo "2477"]
[BlackElo "2281"]
[PlyCount "115"]
[EventDate "2021.08.11"]
[EventType "tourn"]
[EventRounds "13"]
[EventCountry "ARM"]
[EventCategory "3"]
[SourceTitle "CBM 204 Extra"]
[Source "ChessBase"]
[SourceDate "2021.11.30"]
[SourceVersion "1"]
[SourceVersionDate "2021.11.30"]
[SourceQuality "1"]

1. d4 d5 2. c4 e6 3. Nc3 Nf6 4. Nf3 c5 5. cxd5 Nxd5 6. e4 Nxc3 7. bxc3 cxd4 8. cxd4 Bb4+ 9. Bd2 Bxd2+ 10. Qxd2 0-0 11. Bc4 Nd7 12. 0-0 b6 13. Rfe1 Bb7 14. Rad1 Rc8 15. Bb3 Re8 16. h3 Nf6 17. Qf4 Qc7 18. Ne5 Qd6 19. Re3 Re7 20. Qh4 Rec7 21. Nf3 Qd8 22. Ree1 h6 23. d5 exd5 24. e5 Nh7 25. Qh5 Rc5 26. Nd4 Qg5 27. Qe2 Nf8 28. h4 Qxh4 29. Nf5 Qg5 30. Nd6 R8c7 31. Nxb7 Rxb7 32. Bxd5 Re7 33. Qe4 Ng6 34. e6 f5 35. Qf3 Kh7 36. Bb3 Nh4 37. Qg3 Qxg3 38. fxg3 Ng6 39. Rd8 Ne5 40. Bd5 Ng4 41. Bb3 Ne5 42. Rf8 Kg6 43. Rf1 Nc4 44. g4 fxg4 45. Bc2+ Kh5 46. R1f5+ Rxf5 47. Rxf5+ g5 48. Rf6 Kh4 49. Kf2 h5 50. Rh6 g3+ 51. Kf3 Ne5+ 52. Ke4 Nf7 53. Rf6 Nd8 54. Rf1 Rxe6+ 55. Kf5 Re5+ 56. Kxe5 Nc6+ 57. Kf6 Nb4 58. Kf5 1-0

[Event "ARM-ch Rapid"]
[Site "Yerevan"]
[Date "2021.03.02"]
[Round "3"]
[White "Torosyan, Norayr"]
[Black "Sargsyan, Tigran R"]
[Result "1-0"]
[WhiteElo "2377"]
[BlackElo "2274"]
[PlyCount "89"]
[EventDate "2021.03.02"]
[EventType "swiss (rapid)"]
[EventRounds "9"]
[EventCountry "ARM"]
[SourceTitle "CBM 201 Extra"]
[Source "ChessBase"]
[SourceDate "2021.05.31"]
[SourceVersion "1"]
[SourceVersionDate "2021.05.31"]
[SourceQuality "1"]

1. e4 Nf6 2. e5 Nd5 3. d4 d6 4. Nf3 g6 5. Bc4 Nb6 6. Bb3 Bg7 7. a4 a5 8. exd6 cxd6 9. h3 0-0 10. 0-0 Bf5 11. Re1 d5 12. Na3 Nc6 13. c3 Qd7 14. Bf4 Rac8 15. Qe2 Na8 16. Nb5 Rfe8 17. Rad1 h6 18. Ne5 Nxe5 19. dxe5 Nb6 20. Rd4 g5 21. Bg3 Qe6 22. Red1 Red8 23. Na3 Qc6 24. h4 e6 25. hxg5 hxg5 26. Qh5 Bg6 27. Qxg5 Nd7 28. Nb5 Nc5 29. Ba2 Ne4 30. Rxe4 Bxe4 31. Bb3 Qb6 32. Bf4 Bg6 33. Be3 Qa6 34. Rd4 Qa8 35. Rg4 Qb8 36. Bd4 Rf8 37. Bc2 Rcd8 38. Bxg6 fxg6 39. Qxg6 Rf7 40. Nd6 Re7 41. Rh4 Rxd6 42. Qh7+ Kf8 43. Rf4+ Rf7 44. Rxf7+ Kxf7 45. exd6 1-0

[Event "EU-ch Online U2300 Qual"]
[Site "Chess.com INT"]
[Date "2020.05.25"]
[Round "5"]
[White "Boe, Mads"]
[Black "Sargsyan, Tigran R"]
[Result "1-0"]
[WhiteElo "2284"]
[BlackElo "2274"]
[PlyCount "99"]
[EventDate "2020.05.25"]
[EventType "swiss"]
[EventRounds "8"]
[EventCountry "NET"]
[SourceTitle "EXT 2021"]
[Source "ChessBase"]
[SourceDate "2020.10.23"]
[SourceVersion "1"]
[SourceVersionDate "2020.10.23"]
[SourceQuality "1"]

1. e4 c5 2. c3 Nf6 3. e5 Nd5 4. d4 cxd4 5. Qxd4 e6 6. Nf3 Nc6 7. Qe4 f5 8. Qe2 b5 9. g3 Qc7 10. Bg2 a5 11. 0-0 Ba6 12. Rd1 Bc5 13. Nd4 Nde7 14. Nxb5 Qb6 15. a4 0-0 16. N1a3 Rad8 17. Nc4 Bxb5 18. axb5 Qxb5 19. Bg5 h6 20. Bxe7 Bxe7 21. Bxc6 dxc6 22. Rxd8 Bxd8 23. Re1 f4 24. Nd6 Qxe2 25. Rxe2 Bc7 26. Rd2 g5 27. Nc4 Rf7 28. g4 h5 29. h3 hxg4 30. hxg4 f3 31. Kh2 c5 32. Kg3 Rf4 33. Rd7 Rxc4 34. Rxc7 a4 35. Ra7 Re4 36. Kxf3 Rxe5 37. Rxa4 Kf7 38. Ra5 Ke7 39. b4 Kd6 40. Rxc5 Rxc5 41. bxc5+ Kxc5 42. Ke4 Kc4 43. Ke5 Kd3 44. Kxe6 Ke4 45. c4 Kf4 46. c5 Kxg4 47. c6 Kf3 48. Kf5 g4 49. c7 g3 50. fxg3 1-0

[Event "EU-ch Online U2300 Qual"]
[Site "Chess.com INT"]
[Date "2020.05.25"]
[Round "6"]
[White "Kolbin, Anton"]
[Black "Sargsyan, Tigran R"]
[Result "0-1"]
[WhiteElo "2204"]
[BlackElo "2274"]
[PlyCount "58"]
[EventDate "2020.05.25"]
[EventType "swiss"]
[EventRounds "8"]
[EventCountry "NET"]
[SourceTitle "EXT 2021"]
[Source "ChessBase"]
[SourceDate "2020.10.23"]
[SourceVersion "1"]
[SourceVersionDate "2020.10.23"]
[SourceQuality "1"]

1. d4 d5 2. Bf4 e6 3. Nf3 c5 4. e3 Nf6 5. c3 Bd6 6. Bg3 Qc7 7. Nbd2 Nbd7 8. Bd3 0-0 9. 0-0 e5 10. dxe5 Nxe5 11. Nxe5 Bxe5 12. e4 Bg4 13. f3 Bxg3 14. hxg3 Qxg3 15. exd5 Bh5 16. Ne4 Nxe4 17. Bxe4 f5 18. Bd3 Rad8 19. Qe1 Qf4 20. g3 Qh6 21. c4 Rfe8 22. Qc1 Re3 23. Bxf5 Bxf3 24. Kf2 Rde8 25. Be6+ R8xe6 26. dxe6 Qh2+ 27. Kxe3 Qe2+ 28. Kf4 Qe4+ 29. Kg5 h6# 0-1

[Event "EU-ch Online U2300 Qual"]
[Site "Chess.com INT"]
[Date "2020.05.25"]
[Round "2"]
[White "Morozov, Ivan"]
[Black "Sargsyan, Tigran R"]
[Result "0-1"]
[WhiteElo "2069"]
[BlackElo "2274"]
[PlyCount "82"]
[EventDate "2020.05.25"]
[EventType "swiss"]
[EventRounds "8"]
[EventCountry "NET"]
[SourceTitle "EXT 2021"]
[Source "ChessBase"]
[SourceDate "2020.10.23"]
[SourceVersion "1"]
[SourceVersionDate "2020.10.23"]
[SourceQuality "1"]

1. d4 d5 2. Nf3 b5 3. Bf4 e6 4. e3 a6 5. Bd3 c5 6. c3 Nf6 7. 0-0 Bb7 8. Nbd2 Nc6 9. a4 c4 10. Bc2 b4 11. e4 Be7 12. e5 Nd7 13. h3 Qa5 14. Ng5 bxc3 15. bxc3 Qxc3 16. Ndf3 Qa5 17. Nxh7 Nb4 18. Bd2 Qc7 19. Bxb4 Bxb4 20. Nfg5 Nf8 21. Qh5 Nxh7 22. Nxf7 Nf6 23. Nd6+ Kd7 24. Qf7+ Kc6 25. exf6 Bxd6 26. Qxe6 Rae8 27. Qf5 Bc8 28. Qf3 Ref8 29. a5 Qf7 30. Ba4+ Kc7 31. fxg7 Qxg7 32. Qxd5 Bb7 33. Qxc4+ Kb8 34. f3 Rxh3 35. Rfb1 Bh2+ 36. Kf1 Rhxf3+ 37. gxf3 Rxf3+ 38. Ke1 Qg1+ 39. Kd2 Bf4+ 40. Kc2 Qg2+ 41. Kd1 Qd2# 0-1

[Event "World ol U16"]
[Site "Corum"]
[Date "2019.11.05"]
[Round "9.3"]
[White "Sargsyan, Tigran R"]
[Black "Runets, Ivan"]
[Result "0-1"]
[WhiteElo "2321"]
[BlackElo "2288"]
[PlyCount "86"]
[EventDate "2019.10.29"]
[EventType "team-swiss"]
[EventRounds "9"]
[EventCountry "TUR"]
[SourceTitle "CBM 192 Extra"]
[Source "Chessbase"]
[SourceDate "2019.11.06"]
[SourceVersion "1"]
[SourceVersionDate "2019.11.06"]
[SourceQuality "1"]
[WhiteTeam "Armenia"]
[BlackTeam "Belarus"]
[WhiteTeamCountry "ARM"]
[BlackTeamCountry "BLR"]

1. d4 Nf6 2. c4 e6 3. Nf3 d5 4. g3 Be7 5. Bg2 0-0 6. 0-0 dxc4 7. Qc2 a6 8. a4 Bd7 9. Qxc4 Bc6 10. Bf4 Bd6 11. Qc1 Nbd7 12. Nc3 Qe7 13. Rd1 h6 14. Re1 Bxf4 15. Qxf4 Qd6 16. Qh4 Qb4 17. e4 b6 18. Re2 Bb7 19. Rd1 Rad8 20. g4 Nh7 21. Qg3 Qd6 22. e5 Qe7 23. h4 Rfe8 24. g5 hxg5 25. Nxg5 Bxg2 26. Kxg2 Ndf8 27. Nf3 c5 28. Ne4 Rd5 29. Nd6 Rd8 30. Red2 f5 31. dxc5 Rxd2 32. Rxd2 bxc5 33. Qf4 Rb8 34. Qc4 Qa7 35. Qa2 Rb4 36. Nc4 Qb7 37. Rd3 Qe4 38. Rc3 Ng6 39. Nd6 Qg4+ 40. Kf1 Nf4 41. Re3 Qg2+ 42. Ke1 Qh1+ 43. Kd2 Qf1 0-1

[Event "World ol U16"]
[Site "Corum"]
[Date "2019.10.29"]
[Round "1.7"]
[White "Navaratnam, Rohan Shan Tze"]
[Black "Sargsyan, Tigran R"]
[Result "1-0"]
[WhiteElo "2061"]
[BlackElo "2321"]
[PlyCount "103"]
[EventDate "2019.10.29"]
[EventType "team-swiss"]
[EventRounds "9"]
[EventCountry "TUR"]
[SourceTitle "CBM 192 Extra"]
[Source "Chessbase"]
[SourceDate "2019.11.06"]
[SourceVersion "1"]
[SourceVersionDate "2019.11.06"]
[SourceQuality "1"]
[WhiteTeam "Malaysia"]
[BlackTeam "Armenia"]
[WhiteTeamCountry "MAS"]
[BlackTeamCountry "ARM"]

1. e4 c6 2. d4 d5 3. Nc3 dxe4 4. Nxe4 Bf5 5. Ng3 Bg6 6. Nh3 e6 7. Nf4 Bd6 8. h4 Qc7 9. Nxg6 hxg6 10. Ne4 Bf4 11. Bxf4 Qxf4 12. Ng5 Nf6 13. g3 Qc7 14. Qe2 Qa5+ 15. c3 Nbd7 16. a3 0-0 17. 0-0-0 c5 18. Kb1 Rfd8 19. f4 cxd4 20. Rxd4 Nc5 21. Rxd8+ Rxd8 22. Bg2 Nh5 23. Qf2 Nd3 24. Qf3 Nxg3 25. Rd1 Qf5 26. Ne4 Qb5 27. Rd2 Nxe4 28. Qxe4 Rd5 29. Qe3 Nxb2 30. Rxb2 Rd1+ 31. Kc2 Qa4+ 32. Rb3 Ra1 33. Kb2 Rb1+ 34. Kxb1 Qxb3+ 35. Kc1 Qxa3+ 36. Kd1 b5 37. Qd4 a5 38. Be4 Qa1+ 39. Ke2 a4 40. h5 Qb2+ 41. Kf3 f5 42. hxg6 fxe4+ 43. Kg3 Qa3 44. Qd8+ Qf8 45. Qd7 Kh8 46. Qxe6 Qd8 47. Qh3+ Kg8 48. Qh7+ Kf8 49. Qh8+ Ke7 50. Qxg7+ Ke6 51. Qe5+ Kd7 52. Qd5+ 1-0

[Event "Aktobe Dvorkovich Cup U16"]
[Site "Aktobe"]
[Date "2019.09.23"]
[Round "5.4"]
[White "Sargsyan, Tigran R"]
[Black "Shubin, Kirill"]
[Result "1/2-1/2"]
[WhiteElo "2321"]
[BlackElo "2416"]
[PlyCount "103"]
[EventDate "2019.09.23"]
[EventType "team-tourn (rapid)"]
[EventRounds "9"]
[EventCountry "KAZ"]
[SourceTitle "EXT 2020"]
[Source "ChessBase"]
[SourceDate "2019.10.17"]
[SourceVersion "1"]
[SourceVersionDate "2019.10.17"]
[SourceQuality "1"]
[WhiteTeam "Armenia U16"]
[BlackTeam "Russia U16"]
[WhiteTeamCountry "ARM"]
[BlackTeamCountry "RUS"]

1. d4 e6 2. c4 Nf6 3. Nf3 b6 4. g3 Bb7 5. Bg2 Be7 6. 0-0 0-0 7. Nc3 Ne4 8. Bd2 Bf6 9. Be1 Nxc3 10. Bxc3 Be4 11. Rc1 d5 12. Qa4 Qd7 13. Qxd7 Nxd7 14. cxd5 exd5 15. Rfd1 Rfe8 16. e3 a5 17. Ne1 Bxg2 18. Nxg2 g5 19. Rc2 Be7 20. Ne1 Bd6 21. Nd3 f5 22. Ne5 Bxe5 23. dxe5 c6 24. f4 gxf4 25. exf4 Kf7 26. Be1 Rac8 27. b3 Ke6 28. Bf2 c5 29. Kg2 Nb8 30. Kf3 Nc6 31. h3 Rf8 32. Rcd2 d4 33. g4 Kd5 34. g5 Ke6 35. h4 Rcd8 36. h5 Rg8 37. Rg1 Ne7 38. Bh4 Rd7 39. g6 hxg6 40. Bxe7 Rxe7 41. Rxg6+ Rxg6 42. hxg6 Rg7 43. Rg2 b5 44. Ke2 c4 45. Rg5 a4 46. bxc4 bxc4 47. Kd2 a3 48. Rg3 Kd5 49. Rg5 Ke6 50. Rg3 Kd5 51. Rg5 Ke6 52. Rg3 1/2-1/2

[Event "EU-ch U16"]
[Site "Bratislava"]
[Date "2019.08.08"]
[Round "7"]
[White "Sargsyan, Tigran R"]
[Black "Bukatin, Arseny"]
[Result "1-0"]
[WhiteElo "2314"]
[BlackElo "2016"]
[PlyCount "81"]
[EventDate "2019.08.02"]
[EventType "swiss"]
[EventRounds "9"]
[EventCountry "SVK"]
[SourceTitle "CBM 191 Extra"]
[Source "ChessBase"]
[SourceDate "2019.09.30"]
[SourceVersion "1"]
[SourceVersionDate "2019.09.30"]
[SourceQuality "1"]

1. d4 d5 2. Bf4 Nf6 3. e3 e6 4. Nf3 c5 5. c3 Nc6 6. Nbd2 Bd6 7. Bg3 0-0 8. Bb5 Bxg3 9. hxg3 Qb6 10. Bxc6 bxc6 11. Qc2 Rb8 12. Rb1 Ba6 13. Ne5 g6 14. Nb3 cxd4 15. exd4 Bc4 16. Nxc4 dxc4 17. Nc5 e5 18. 0-0 exd4 19. cxd4 Rfd8 20. Qxc4 Qb4 21. Qxb4 Rxb4 22. Nb3 Ne4 23. Rfc1 Rd6 24. Rc2 Rb5 25. Re1 f5 26. g4 a5 27. gxf5 gxf5 28. Rc4 Kf7 29. f3 Nf6 30. Ra4 Nd7 31. Rxa5 Rxa5 32. Nxa5 Rxd4 33. Nxc6 Rd2 34. Re7+ Kf6 35. Rxh7 Nc5 36. b4 Ne6 37. Rh6+ Kf7 38. Ne5+ Ke7 39. a4 Nf4 40. Ng6+ Nxg6 41. Rxg6 1-0

[Event "Jermuk Asrian Memorial 12th"]
[Site "Jermuk"]
[Date "2019.06.15"]
[Round "5"]
[White "Khachatryan, Anna"]
[Black "Sargsyan, Tigran R"]
[Result "1/2-1/2"]
[WhiteElo "2042"]
[BlackElo "2367"]
[PlyCount "150"]
[EventDate "2019.06.11"]
[EventType "swiss"]
[EventRounds "9"]
[EventCountry "ARM"]
[SourceTitle "CBM 191 Extra"]
[Source "ChessBase"]
[SourceDate "2019.09.30"]
[SourceVersion "1"]
[SourceVersionDate "2019.09.30"]
[SourceQuality "1"]

1. e4 c5 2. Nf3 e6 3. d4 cxd4 4. Nxd4 Nf6 5. Nc3 d6 6. Be3 Be7 7. g4 h6 8. Bc4 0-0 9. h4 d5 10. exd5 Nxg4 11. d6 Nxe3 12. dxe7 Ng2+ 13. Kf1 Qxe7 14. Kxg2 Rd8 15. Qg4 e5 16. Nf5 Qf6 17. Nd5 Rxd5 18. Nxh6+ Kh7 19. Qe4+ Kxh6 20. Bxd5 Nc6 21. Qe3+ Kh7 22. Qg5 Nb4 23. Be4+ Kg8 24. Qxf6 gxf6 25. c3 Na6 26. Rad1 Kg7 27. b4 Nc7 28. Kg3 f5 29. Bd5 Kf6 30. f4 e4 31. h5 Nxd5 32. Rxd5 Be6 33. Rd2 Rc8 34. Rc2 Kg7 35. Kf2 Rd8 36. c4 Rd3 37. Ke2 Rf3 38. Rf1 Rh3 39. Rf2 Rxh5 40. Ke3 Rh3+ 41. Kd4 Rd3+ 42. Ke5 b5 43. Rg2+ Kf8 44. cxb5 Ke7 45. Rc7+ Bd7 46. Rxd7+ Kxd7 47. Kxf5 e3 48. Re2 Ra3 49. Kf6 Kd6 50. Kxf7 Kd5 51. f5 Ke4 52. f6 Kf3 53. Rh2 e2 54. Rh3+ Ke4 55. Rh1 Rf3 56. Re1 Kd3 57. Kg7 Rf1 58. Rxe2 Kxe2 59. f7 Rg1+ 60. Kh7 Rf1 61. Kg7 Kd3 62. f8Q Rxf8 63. Kxf8 Kc4 64. Ke7 Kxb4 65. Kd6 Kxb5 66. Kd5 Kb4 67. Kd4 Ka3 68. Kc4 a6 69. Kc3 a5 70. Kc2 Kxa2 71. Kc1 a4 72. Kc2 a3 73. Kc1 Kb3 74. Kb1 a2+ 75. Ka1 Ka3 1/2-1/2

[Event "Yerevan Margaryan Memorial"]
[Site "Yerevan"]
[Date "2019.01.14"]
[Round "7"]
[White "Sargsyan, Tigran R"]
[Black "Mikaelyan, Arman"]
[Result "1-0"]
[WhiteElo "2332"]
[BlackElo "2474"]
[PlyCount "143"]
[EventDate "2019.01.08"]
[EventType "tourn"]
[EventRounds "9"]
[EventCountry "ARM"]
[EventCategory "8"]
[SourceTitle "CBM 188 Extra"]
[Source "ChessBase"]
[SourceDate "2019.02.26"]
[SourceVersion "1"]
[SourceVersionDate "2019.02.26"]
[SourceQuality "1"]

1. d4 g6 2. c4 Bg7 3. Nc3 d6 4. Nf3 Nd7 5. g3 e5 6. Bg2 Ne7 7. 0-0 0-0 8. e4 exd4 9. Nxd4 Nc6 10. Nde2 Nde5 11. b3 f5 12. f4 Ng4 13. h3 Nh6 14. Rb1 fxe4 15. Nxe4 Nf5 16. Qd2 Ncd4 17. Bb2 c5 18. N2c3 h6 19. Kh2 Be6 20. Rbe1 Rb8 21. Nb5 Nxb5 22. Bxg7 Kxg7 23. cxb5 Nd4 24. Nc3 Qd7 25. Re3 Bf7 26. Rd3 Kh7 27. Rxd4 cxd4 28. Qxd4 Be6 29. Qxa7 Qg7 30. Qe3 Rfe8 31. Qd2 Rbc8 32. Rf3 d5 33. Rd3 Bf5 34. Rd4 h5 35. Bf3 Rc7 36. b6 Rc5 37. Bxd5 Rd8 38. Rc4 Rcc8 39. Rxc8 Rxc8 40. Bc4 Re8 41. a4 Qe7 42. Nd5 Qg7 43. Qc3 Qxc3 44. Nxc3 Kg7 45. Bd5 Bc8 46. a5 Re3 47. Nb5 Rd3 48. Bg2 Rd2 49. Kg1 Bd7 50. Na7 Rd1+ 51. Kf2 Rd2+ 52. Kf1 Ra2 53. b4 Ra1+ 54. Kf2 Ra2+ 55. Kf3 Be6 56. Bf1 Ra4 57. Ke4 Kf6 58. Kd4 h4 59. gxh4 Rxb4+ 60. Kc5 Rxf4 61. a6 Rxf1 62. axb7 Rc1+ 63. Kd4 Rd1+ 64. Kc3 Rd8 65. Nc6 Rh8 66. b8Q Rxb8 67. Nxb8 Bc8 68. Kd4 Kg7 69. Nd7 Bb7 70. Ke5 Kh6 71. Kf4 Kh5 72. Kg3 1-0